00906 2200325 4500001002100000005001500021035002000036007000300056040001700059100003300076245006300109250001400172300003400186504002500220020001800245041000800263082001200271084001800283090002500301264003700326336002100363337003000384338002300414650001700437700003100454850001000485008004100495990002200536990002200558INLIS00000000000734020260602032834 a0010-0822000314ta aSBPUPADbind0 aSri Dadi HardjonoePengarang1 aPertolongan Pertama Pada Sepeda Motor /cSri Dadi Hardjono a.- cet. 1 ax, 101 hlm :bilus ;c20,5 cm aBibliografi, hlm 112 a979-8966-29-307aind a629.227 a629.227 SRI p a629.227 SRI p L 20-5 a.--Jakarta :bPuspa Swara,c1997 2rdacontentateks 2rdamediaatanpa perantara 2rdacarrieravolume 4aTeknik Mesin0 aEditor, MulyonoePengarang aPUPAD260602 0  a2234/H/ARPUS/2007 a2235/H/ARPUS/2007